Quizzes
Events
Quiz Creation
Community
Videos
Private Events
Remove Ads
Sign In
Join for FREE
Feedback
Dark Mode
Quiz Categories
Sports
Geography
Music
Movies
Television
Just For Fun
Miscellaneous
History
Literature
Language
Science
Gaming
Entertainment
Religion
Holiday
For Kids
Quiz Lab
Recent
Popular Today
Quiz Kudos Today
Editor Picks
Curator Picks
Quizzes by...
Day
Popularity
Type
Ratings
Length
Year
Community
Subscriptions
Recent Discussions
Orange Saloon
Badges
Playlists
Quests
Create
Leaderboards
Showdown
Live 5
Trivia Bingo
Activity
Puzzle Library
Sporcle Events
Private Events
Virtual Trivia
Globe League
Become a Host
Pub Owners
SporcleCon
Opinionation
Our Games
Videos
Blog
Mobile Apps
Partnerships
Remove Ads and Go Orange
Feedback
Sports
Athletes
MLB
NBA
NHL
NFL
Soccer
Sports Teams
WWE
NCAA
Football
Premier League
Basketball
Baseball
Hockey
Golf
Tennis
Cricket
Rugby
Auto Racing
Olympics
World Cup
Sports
Athletes
MLB
NBA
NHL
NFL
Soccer
Sports Teams
WWE
NCAA
Football
Premier League
Basketball
Baseball
Hockey
Golf
Tennis
Cricket
Rugby
Auto Racing
Olympics
World Cup
Random Quiz
Search Sporcle
×
Quiz Lab
Quiz Lab
Sports
NFL
Type in answers that appear in a list
Type in answers that appear in a list
Classic
Best Score? Go Orange.
NFL Leaders of the 2000s Stats
Can you name the NFL Leaders of the 2000s?
By
kraffcook
10m
60 Questions
5,929 Plays
5,929 Plays
5,929 Plays
Comments
Comments
Give Quiz Kudos
Give Quiz Kudos
-
- Ratings
hide this ad
Replay
Link that replays current quiz
Next Quiz
Link to next quiz in quiz playlist
You Got
0%
They Got
Avg Score
72%
Avg Friend Score
Upgrade to see
Score Distribution
Jump to the score distribution portion of the page
Score
0/60
Timer
10:00
0
Plays Today
Stat
Player
% Correct
Passing Yards
Peyton Manning
99.2%
Passing Touchdowns
Peyton Manning
99.2%
Passing Yards
Tom Brady
96.3%
Passing Touchdowns
Tom Brady
96.3%
Passing Yards
Brett Favre
95.1%
Passing Touchdowns
Brett Favre
95.1%
Rushing Yards
LaDainian Tomlinson
92%
Rushing Touchdowns
LaDainian Tomlinson
92%
Receiving Yards
Chad Ochocinco
91.2%
Receiving Touchdowns
Chad Ochocinco
91.2%
Passing Yards
Drew Brees
90.9%
Passing Touchdowns
Drew Brees
90.9%
Receiving Yards
Randy Moss
89.9%
Receiving Touchdowns
Randy Moss
89.9%
Receiving Yards
Terrell Owens
85.1%
Receiving Touchdowns
Terrell Owens
85.1%
Passing Yards
Donovan McNabb
84.3%
Passing Touchdowns
Donovan McNabb
84.3%
Passing Yards
Kurt Warner
82.7%
Passing Touchdowns
Kurt Warner
82.7%
Rushing Yards
Shaun Alexander
78.4%
Rushing Touchdowns
Shaun Alexander
78.4%
Receiving Yards
Marvin Harrison
77.2%
Receiving Touchdowns
Marvin Harrison
77.2%
Rushing Yards
Thomas Jones
75%
Rushing Touchdowns
Thomas Jones
75%
Rushing Touchdowns
Priest Holmes
71.2%
Rushing Touchdowns
Ricky Williams
70.9%
Receiving Yards
Reggie Wayne
70.6%
Receiving Touchdowns
Reggie Wayne
70.6%
Stat
Player
% Correct
Receiving Yards
Torry Holt
69.2%
Receiving Touchdowns
Torry Holt
69.2%
Rushing Yards
Ahman Green
67.8%
Rushing Touchdowns
Ahman Green
67.8%
Passing Yards
Trent Green
67.8%
Passing Touchdowns
Trent Green
67.8%
Rushing Yards
Edgerrin James
67.1%
Rushing Touchdowns
Edgerrin James
67.1%
Receiving Yards
Isaac Bruce
65.4%
Rushing Yards
Tiki Barber
64.2%
Rushing Yards
Jamal Lewis
64.1%
Rushing Touchdowns
Jamal Lewis
64.1%
Passing Yards
Daunte Culpepper
63.4%
Passing Touchdowns
Daunte Culpepper
63.4%
Receiving Yards
Tony Gonzalez
62.1%
Receiving Touchdowns
Tony Gonzalez
62.1%
Passing Yards
Matt Hasselbeck
62%
Passing Touchdowns
Matt Hasselbeck
62%
Rushing Yards
Clinton Portis
61.3%
Rushing Touchdowns
Clinton Portis
61.3%
Passing Yards
Kerry Collins
59%
Rushing Yards
Fred Taylor
54%
Receiving Yards
Hines Ward
54%
Receiving Touchdowns
Hines Ward
54%
Receiving Touchdowns
Larry Fitzgerald
52.2%
Receiving Touchdowns
Antonio Gates
51.8%
Rushing Touchdowns
Corey Dillon
50.5%
Passing Touchdowns
Jeff Garcia
47.5%
Rushing Yards
Warrick Dunn
46.6%
Receiving Yards
Derrick Mason
35.9%
Quiz Playlist
Details
Report
Send in Message
Add To Playlist
Classic:
Type in answers that appear in a list
Last Updated: Feb 16, 2017
Quiz Scoreboard
CHALLENGE
Sign Up to Join the Scoreboard
Show All
Scores
Hide
Comments
May contain spoilers
Recently Published
Movies - When Are They Set?
by FPL_Elf
Movies
5m
Popular People in 1961
by mucciniale
History
6m
1-10 Letter E Words III
by El_Dandy
Language
2m
More to Explore
Quiz From the Vault
Featured Blog Post
Where Did the Easter Bunny Come From?
hide this ad
You Might Also Like...
Tags
NFL Quiz
2000
Player
stat
Today's Top Quizzes in Sports
Browse Sports
hide this ad
Today's Top Quizzes in NFL
Browse NFL
Top Contributed Quizzes in Sports
1
Les meilleurs buteurs des matchs entre le PSG et l’OM
2
FIFA Club World Cup Champions
3
Les entraîneurs de l'OM et du PSG au 21e siècle
4
2022 World Cup Stars
5
Name the Premier League winners with different clubs
6
La finale Lions - Afrique du Sud 2021
7
Criteria MLB: Left Handed Sluggers
8
Les joueurs passés par le LOSC et le RC Lens
9
Players with Multiple 50 Home Run Seasons
10
MLB Players with Two .350 Batting Average Seasons
Explore More
Trending Topics
Disney
Harry Potter
Kpop
Marvel
Crossword
Anime
NBA
NFL
Soccer
Pokémon
WWE
Country
Song
The Office
Puzzle
hide this ad
More By:
kraffcook
Quiz
Plays
Rating
Category
Featured
Created
NFL Rookie Quarterbacks
138,166
4.39
Sports
Oct 5, 2010
Before and After: US Sports
114,860
3.75
Sports
Dec 8, 2009
NFL Receiving TDs (2009)
114,139
4.13
Sports
Jan 14, 2010
NFL 2000s All-Decade Team
19,769
3.76
Sports
Nov 19, 2009
2000s NFL Leaders
14,699
4.17
Sports
Mar 12, 2010
Go to Creator's Profile
Score Distribution
Quiz Creator Spotlight
kraffcook
Follow
Send a Message
Quizzes Created
-
Created Quiz Play Count
-
More By This Creator
Popular Quizzes Today
1
Find the US States - No Outlines Minefield
2
Find the Countries of Europe - No Outlines Minefield
3
The Countries of the World
4
Popular People in 1961
5
1-10 Letter E Words III
6
US States
7
Find the US States
8
One Thing in Common: World Cities II
More Sports Quizzes
Last 5 League Winners in UK Football
Quiz Lab
Trending Quizzes
Risky Map Clicking: Least Populous States A-Z
1-10 Letter F Words
Humor Books: The Subtitles
1-10 Letter G Words
One Thing in Common: United Kingdom
Recently Updated
Leaping Animals
pecheneg
Reality TV Shows (A-Z)
bhenderson79
Rickey Henderson's Hall of Fame Teammates
pecheneg
Champions League XIs: Arsenal
pecheneg
Quick Pick: Celebrities in WWE's Hall of Fame
aduchscher
A-Z Keypad Blitz II
pecheneg
Multiple Oscar Actors
pecheneg
Mystery Phrase Blitz: Oscar 'Best Actors'
pecheneg
F. Scott Fitzgerald Novels
LTH
Pick 3 Villains
ddd62291
Trending Topics
Kpop
Crossword
Harry Potter
Anime
NBA
Marvel
Disney
Puzzle
Pokémon
The Office
NFL
Soccer
Song
WWE
Country
Your Account Isn't Verified!
In order to create a playlist on Sporcle, you need to verify the email address you used during registration. Go to your
Sporcle Settings
to finish the process.
Report this User
Report this user for behavior that violates our
Community Guidelines
.
Details:
Send Report
Go to the Sporcle.com Mobile Site →
Comments